Computer Architecture (Record no. 13408)

MARC details
000 -LEADER
fixed length control field 00395nam a22001697a 4500
003 - CONTROL NUMBER IDENTIFIER
control field OSt
008 - FIXED-LENGTH DATA ELEMENTS--GENERAL INFORMATION
fixed length control field 250424b |||||||| |||| 00| 0 eng d
020 ## - INTERNATIONAL STANDARD BOOK NUMBER
International Standard Book Number 9781138570979
082 ## - DEWEY DECIMAL CLASSIFICATION NUMBER
Classification number 004.22 DUC
100 ## - MAIN ENTRY--PERSONAL NAME
Personal name DUMAS,Joseph D
245 ## - TITLE STATEMENT
Title Computer Architecture
250 ## - EDITION STATEMENT
Edition statement 2nd Ed
260 ## - PUBLICATION, DISTRIBUTION, ETC. (IMPRINT)
Place of publication, distribution, etc London
Name of publisher, distributor, etc CRC Press
Date of publication, distribution, etc 2018
300 ## - PHYSICAL DESCRIPTION
Extent 440
650 ## - SUBJECT ADDED ENTRY--TOPICAL TERM
Topical term or geographic name as entry element Computer Architecture
942 ## - ADDED ENTRY ELEMENTS (KOHA)
Source of classification or shelving scheme Dewey Decimal Classification
Koha item type Text Books
Holdings
Withdrawn status Lost status Source of classification or shelving scheme Damaged status Not for loan Collection code Home library Current library Date acquired Source of acquisition Currency Cost, normal purchase price Bill Number Total Checkouts Full call number Acc. no. / Barcode Date last seen Actual Cost, discounted price Bill Date Koha item type
    Dewey Decimal Classification     MCA PIET C-LIBRARY PIET C-LIBRARY 19/04/2025 Zaffa Books INR 895.00 ZBD0066   004.22 DUC 39518 24/04/2025 201.37 19/04/2025 Reference Books
    Dewey Decimal Classification     MCA PIET C-LIBRARY PIET C-LIBRARY 19/04/2025 Zaffa Books INR 895.00 ZBD0066   004.22 DUC 39519 24/04/2025 201.37 19/04/2025 Text Books
    Dewey Decimal Classification     MCA PIET C-LIBRARY PIET C-LIBRARY 19/04/2025 Zaffa Books INR 895.00 ZBD0066   004.22 DUC 39520 24/04/2025 201.37 19/04/2025 Text Books

Design & Developed by: PIET Central Library
R70 Miles Stone Pattikalyana Samalkha Panipat 132102
mail ID :- [email protected], Phone No:- 0180-2569700 Ex.216